000 00451nam a2200169Ia 4500
003 GCL
008 140319s9999 xx 000 0 ara d
040 _aGCL /
_cGCL
082 0 4 _a025.4
_bع ت
245 1 0 _aالتصنيف لاغراض استرجاع المعلومات
300 _a209 ص
490 _aكتاب
_v0
650 0 4 _aالتصنيف
650 0 4 _aالمكتبات، علم
650 0 4 _aرؤوس الموضوعات
942 _2ddc
_cBK
999 _c42057
_d42057